Nintendo Switch Games - Statistics

General Stats
  • This quiz has been taken 91 times
  • The average score is 5 of 45
Answer Stats
Answer % Correct
The legend of Zelda
60%
Super Mario Odyssey
49%
Mario Kart 8 Deluxe
41%
Super Smash Bros
41%
Animal Crossing New Horizons
34%
Splatoon
32%
Luigis Mansion
19%
Metroid Dread
19%
Minecraft
19%
Kirby and the forgotten land
16%
Mario Party
16%
Super Mario Maker
15%
Fortnite
12%
Paper Mario
12%
Donkey Kong Country
10%
Just Dance
6%
Miitopia
6%
Pikmin 3 Deluxe
6%
Rocket League
6%
Hollow Knight
4%
Pokemon Brilliant Diamond
4%
Pokémon Brilliant Diamond
4%
Ring Fit Adventure
4%
Bowsers Fury
3%
Captain Toad Treasure Tracker
3%
Grand Theft Auto
3%
Legend of Zelda Breath Of The Wild
3%
Pokemon Shining Pearl
3%
Star Dew Valley
3%
Tetris
3%
Wario Ware Get It Together
3%
Apex Legends
1%
Big Brain academy
1%
Hades
1%
Mario Golf Super Rush
1%
Mario Kart Live, Home circuit
1%
Pokemon sword and sheild
1%
The Legend Of Zelda Skyward Sword
1%
Alba: A Wildlife Adventure
0%
Bayonett 3
0%
MARIO and RABBIDS SPARKS OF HOPE
0%
Kirby Fighters
0%
Monster Hunter Rise
0%
Super Mario 3D Worlds
0%
Super Mario Run
0%
No matching quizzes found
Score Distribution
Percent of People with Each Score
Percentile by Number Answered
Your Score History
You have not taken this quiz